Kofi Annan : a man of peace in a world of war / ... Read More
Available copies
- 1 of 1 copy available at LARL/NWRL Consortium.
- 1 of 1 copy available at Lake Agassiz Regional Library. (Show preferred library)
Current holds
0 current holds with 1 total copy.
Show Only Available Copies
| Location | Call Number / Copy Notes | Barcode | Shelving Location | Status | Due Date |
|---|---|---|---|---|---|
| Crookston Public Library | 921 ANN (Text) | 33500009206103 | Main | Available | - |
Record details
- ISBN: 9780471787440 (cloth)
- ISBN: 0471787442 (cloth)
- Physical Description: xii, 372 p. : ill. ; 25 cm.
- Publisher: Hoboken, N.J. : J. Wiley & Sons, c2007.
Content descriptions
| Bibliography, etc. Note: | Includes bibliographical references and index. |
Search for related items by subject
| Subject: | Annan, Kofi A. (Kofi Atta) United Nations > Biography. Statesmen > Ghana > Biography. World politics > 1989- |
| LDR | 01305cam a2200361 a 4500 | ||
|---|---|---|---|
| 001 | 78017 | ||
| 003 | LARL_NWRL_CONSORTIUM | ||
| 005 | 20070313084208.0 | ||
| 008 | 060623s2007 njua b 001 0beng | ||
| 010 | . | ‡a2006021032 | |
| 015 | . | ‡aGBA681871 ‡2bnb | |
| 016 | 7 | . | ‡a013562767 ‡2Uk |
| 019 | . | ‡a71808087 | |
| 020 | . | ‡a9780471787440 (cloth) | |
| 020 | . | ‡a0471787442 (cloth) | |
| 035 | . | ‡a(OCoLC)70208034 ‡z(OCoLC)71808087 | |
| 040 | . | ‡aDLC ‡cDLC ‡dBAKER ‡dYDXCP ‡dBTCTA ‡dC#P ‡dUKM | |
| 043 | . | ‡af-gh--- | |
| 082 | 0 | 0. | ‡a341.23092 ‡aB ‡222 |
| 100 | 1 | . | ‡aMeisler, Stanley. ‡0(LARL_NWRL_CONSORTIUM)118094 |
| 245 | 1 | 0. | ‡aKofi Annan : ‡ba man of peace in a world of war / ‡cStanley Meisler. |
| 260 | . | ‡aHoboken, N.J. : ‡bJ. Wiley & Sons, ‡cc2007. | |
| 300 | . | ‡axii, 372 p. : ‡bill. ; ‡c25 cm. | |
| 504 | . | ‡aIncludes bibliographical references and index. | |
| 600 | 1 | 0. | ‡aAnnan, Kofi A. ‡q(Kofi Atta) ‡0(LARL_NWRL_CONSORTIUM)156519 |
| 610 | 2 | 0. | ‡aUnited Nations ‡vBiography. |
| 650 | 0. | ‡aStatesmen ‡zGhana ‡vBiography. | |
| 650 | 0. | ‡aWorld politics ‡y1989- ‡0(LARL_NWRL_CONSORTIUM)37759 | |
| 901 | . | ‡a78017 ‡bOCLC ‡c78017 ‡tbiblio | |

Add to basket
Permalink
Disable Highlighting